| 000 | 00948cam a2200289 i 4500 | ||
|---|---|---|---|
| 001 | 2655 | ||
| 003 | BD-RjUL | ||
| 005 | 20211208233609.0 | ||
| 008 | 131212r19791978sz b 000 0 eng | ||
| 020 | _a9221018113 | ||
| 020 | _a9221018121 (pbk.) : | ||
| 035 | _a(BD-RjUL)2682 | ||
| 040 |
_aDLC _cDLC _dDLC _d(BD-RjUL) _beng |
||
| 041 | _aeng | ||
| 082 | 0 | 0 |
_a331.11091724 _bLAB |
| 245 | 0 | 0 |
_aLabour force participation in low-income countries / _cedited by Guy Standing and Glen Sheehan. |
| 260 |
_aGeneva : _bInternational Labour Office, _cc1978. [Impretion 1979] |
||
| 300 |
_avi, 338 p. ; _c24 cm. |
||
| 504 | _aIncludes bibliographical references. | ||
| 650 | 0 |
_aWomen _xEmployment _zDeveloping countries _xCase studies. _98562 |
|
| 650 | 0 |
_aLabor supply _zDeveloping countries _xCase studies. _98563 |
|
| 700 | 1 |
_aStanding, Guy. _98564 |
|
| 700 | 1 |
_aSheehan, Glen. _98565 |
|
| 942 |
_2ddc _cBK |
||
| 999 |
_c2655 _d2655 |
||